Grossi Cinematic Universe Quiz - Statistics

General Stats
  • This quiz has been taken 27 times
  • The average score is 20 of 30
Answer Stats
Hint Answer % Correct
Tom’s favorite football team is the… Green Bay Packers
100%
Name of the Redskins/Football Team/Commander’s character Wildflower
92%
The name of the Giants character is… Bruce
77%
What game does Tom play in the 1st season of Coach to improve his coaching? Madden
77%
What’s the name of Tom’s Podcast? Packast
77%
Who kidnaps Scriptwriter? Strouds
77%
Does Tom have a pet dog? Yes
77%
Does Tom have a pet cat? Yes
77%
What does Tom drink after the Packers score a TD? Beer
69%
What is Papa Grossi’s favorite team? Cowboys
69%
The first NFL Division Saga is… East
69%
What NFL Award did Tom win in 2023? Fan Of The Year
69%
What team is Scriptwriter a fan of? Kansas City Chiefs
69%
The fourth NFL Division Saga is… North
69%
Which of Tom’s friends is a Broncos fan? Perna
69%
The third NFL Division Saga is… South
69%
The name of the Jets character is… Springsteen
69%
Who did Tom donate all money made from 30 In 30 to? St. Jude
69%
Who works at the Thursday Night Football Department? Ted
69%
Which of Tom’s friends is a Steelers fan? Tree
69%
The second NFL Division Saga is… West
69%
The name of the Lions character is… Lionel
62%
What are the Vikings commonly referred to as? Purple Incarnation Of Satan
62%
What does the character above threaten people with? Lawnmower
54%
What’s the name of the Vikings character? Tohm
54%
What’s the name of Tom’s standup comedy album? Allergic To Fun
46%
What’s the name of the 49ers character? Jerry
46%
What’s the name of the Packers skull on Tom’s desk? Harold
38%
What was Tom’s profession prior to doing just YouTube? History Teacher
38%
What does Tom do after $50 is donated in a stream? Boops Kitty
23%
No matching quizzes found
Score Distribution
Percent of People with Each Score
Percentile by Number Answered
Your Score History
You have not taken this quiz